[Event "Turnier 40 / 120"]
[Site "Wien"]
[Date "2023.07.24"]
[Round "17"]
[White "Mephisto Atlanta SH 7034 - 20 MHZ"]
[Black "Mephisto Lyon 68020 - 12 MHZ"]
[Result "1/2-1/2"]
[BlackElo "2172"]
[WhiteElo "2191"]

{Analyse ----> Komodo 14.1.} 1. e4 c6 2. c4 d5 3. cxd5 cxd5 4. exd5 Qxd5 5.
d4 e5 6. Nf3 exd4 {Buchende} 7. Qxd4 Qxd4 {Buchbewertung Mephisto Lyon
68020: -0,06} 8. Nxd4 {Buchende} Nf6 9. Bb5+ {Buchbewertung Mephisto
Atlanta: +0,2 / lt. Komodo steht Weiss etwas besser mit ca. +0,50} Bd7 10.
O-O Bc5 11. Re1+ Kf8 12. Rd1 {bessser ist Lxd7, nach dem Textzug ist die
Stellung im Lot} Bg4 {besser ist Lxd4, Komodo -0,50} 13. f3 Bd7 14. Nc3
Bxb5 15. Nxb5 Nbd7? {ein unlogischer Zug, der Springer d4 ist doch
angehängt, warum nicht Sc6 ?, zwar keine Katastrophe aber unnötig, Komodo
-1,00} 16. Bf4 a6? {ein schlechter Zug, danach ist Weiss bereits klar im
Vorteil, Komodo -1,30, deutlich besser ist Kg8 mit ca. -0,80} 17. Bd6+ Kg8
18. Bxc5 Nxc5 19. Nd6 {besser ist Tac1, Komodo +1,20} Ne8? {ein schlechter
Zug, danach ist Schwarz bereits auf der Verliererstrasse, Komodo -1,70, zu
empfehlen war ein Schlupfloch für den König mittels h6} 20. Rac1? {ein
schlechter Zug, der den Vorteil von Weiss halbiert, Komodo +0,90, deutlich
stärker ist b4} Nxd6 21. Rxc5 b5? {das ist ganz schwach, Schwarz sollte
dringend etwas gegen die Grundlinienschwäche unternehmen mit h5, Komodo
-1,60} 22. Ne6? {ein ganz schlechter Zug, der Schwarz nur hilft das
Grundlinienproblem zu lösen, nach fxe6 ist er es los, halbiert nahezu den
Vorteil von Weiss, weit stärker ist Sc6, Komodo +0,90} Ne8? {Lyon 68020
schlägt die Option fxe6 aus, keine gute Idee, Komodo -1,30} 23. Nc7 {auch
nicht optimal, besser ist Sd8, Komodo +1,00} Nxc7 24. Rxc7 h5 25. Rdd7 Rf8
26. Kf2?? {ein ganz schlechter Zug, der den ganzen Druck von Schwarz nimmt,
danach kann er seinen Turm problemlos nach h6 entwickeln und die Stellung
ist bereits nahezu im Lot, Komodo nur noch +0,20 für Weiss, das hätte
natürlich verhindert werden müssen mittels Tc6 oder Td6, dann hätte Schwarz
nach Th6 natürlich eine schreckliche Bauernstruktur, gibt praktisch den
gesamten Vorteil aus der Hand und nähert sich dem Remis} Rh6 {alternativlos
und damit ist auch der schwache Bauer a6 gedeckt und auf der 7. Reihe ist
auch nichts zu holen für Weiss, F7 ist ja sicher gedeckt, hier ist kein
Vorteil für Weiss mehr zu sehen} 27. h3 Re6 28. a3 {Komodo 0,00} Ree8 29.
Ra7 Rd8 30. Re7 Rd2+ 31. Kg3 Rxb2 32. Rxa6 Rc8 33. Rb6 Ra8 34. Rbb7 h4+ 35.
Kh2 Ra6 36. Re8+ Kh7 37. Re4 Rxa3?? {ein ganz schlechter Zug, der das Remis
in Gefahr bringt, Komodo -1,30, nötig war f5 und Weiss steht nur minimal
besser, lt. Stockfish 15 ist es bereits ein absoluter Verlustzug, Bewertung
-4,00 !} 38. Rxh4+ Kg6 39. Rg4+ Kf6 40. Rf4+ Ke6 41. Rfxf7 g6 42. Rbe7+
{besser ist Tg7, Komodo +1,00} Kd6 43. Re4 Ra4? {nicht optimal, deutlich
besser ist Kd5, Komodo -1,80} 44. Rf6+ Kc5 45. Re5+ Kd4 46. Ree6? {ein
schlechter Zug, hier hätte Weiss bereits alles erledigen können mit Txb5,
Txb5, Tf4+ und Weiss kassiert den letzten Trumpf den schwarzen Freibauern
damit wäre natürlich alles aus für Schwarz, natürlich bleibt Weiss auch
nach dem Textzug klar im Vorteil, aber es ist um einiges komplizierter,
Komodo +1,50} g5 47. Rf5 g4? {danach geht es steil bergab, das ermöglicht
Weiss neuerlich alles zu erledigen, hier geht wie schon zuvor wieder Txb5,
Txb5, Tf4+ und der letzte Trumpf von Schwarz ist gefallen, Komodo -4,50}
48. Re4+? {aber Atlanta durchschaut das nicht, ein ganz schlechter Zug,
natürlich gewinnt Weiss auch danach noch, aber es kompliziert die Sache
deutlich, Komodo +2,00 (halbiert den Vorteil)} Kc3 49. Rc5+ Rc4 50. Rexc4+!
{diese letzte Hürde musste noch genommen werden, danach sollte jetzt
eigentlich nichts mehr schief gehen für Weiss, Komodo +3,30, aber Achtung
Lyon 68020 wollte hier seinen Gegner auf das Glatteis führen mit dem
Vorschlag T5xc4 ??, danach wäre die Partie nur Remis !!} bxc4 51. fxg4!
{aber immer noch muss Weiss aufpassen, neuerlich wollte Lyon 68020 seinen
Gegner aus das Glatteis führen mit dem Vorschlag hxg4 ?? wäre die Partie
neuerlich nur Remis, Atlanta macht aber den richtigen Zug} Kd3 52. g5 c3
53. g6?? {und jetzt rutscht Atlanta doch noch aus und verschenkt den
sicheren Sieg, nach dem Textzug ist es Remis, Komodo 0,00, gewonnen hätte
natürlich h4} c2??? {doch auch Lyon 68020 macht es nicht besser und rutsch
ebenfalls aus, nach dem Textzug ist die Partie sofort verloren, Komodo
-5,00, Remis hätte Tb6 ! gesichert, Atlanta hatte den richtigen Zug
vorgeschlagen} 54. h4 Rb8 55. g4 Rb2 56. Kg3 Rb5 57. Rc7 {umständlich,
einfach Txc2 gefolgt von g7 und Schluss ist} Rb7 58. Rxb7??? {ein
unfassbarer Megabock, den man nicht mehr sinnvoll kommentieren kann, das
versuche ich auch erst gar nicht, nach Txc2 gefolgt von g7 ist natürlich
der Ofen aus für Schwarz} c1=Q 59. Rd7+ Ke2 60. Re7+ Kd2 61. g7 Qc3+ 62.
Kg2 Qc6+ 63. Kf2 Qc5+ 64. Kf3 Qc6+ 65. Kf2 Qc5+ 66. Kf3 Qc6+ 67. Kf2
{Stellungswiederholung} 1/2-1/2
[/pgn]
[pgn]

[Event "Turnier 40 / 120"]
[Site "Wien"]
[Date "2023.07.24"]
[Round "18"]
[White "Mephisto Lyon 68020 - 12 MHZ"]
[Black "Mephisto Atlanta SH 7034 - 20 MHZ"]
[Result "1/2-1/2"]
[BlackElo "2191"]
[WhiteElo "2172"]

{Analyse ----> Komodo 14.1.} 1. e4 e5 2. Nf3 Nc6 3. Bb5 a6 4. Ba4 Nf6 5.
O-O Nxe4 6. d4 b5 7. Bb3 d5 8. dxe5 Be6 9. Nbd2 Nc5 10. c3 {Buchende} Bg4
11. Qe2 {Buchbewertung Mephisto Lyon 68020: -0,24} Be7 {Buchende} 12. Rd1
d4 {Buchbewertung Mephisto Atlanta: +0,4, lt. Komodo steht Weiss knapp
besser mit ca. +0,30} 13. h3 Bh5 14. g4? {ein schwacher Zug, danach ist
Schwarz etwas im Vorteil, Komodo -0,80, deutlich besser ist Se4 mit
Ausgleich} Bg6? {so aber nicht, die Stellung ist wieder im Lot, deutlich
besser ist d3} 15. cxd4 Nxd4 16. Nxd4 Qxd4 17. Nf3 Qe4 18. Qxe4 {nicht
ideal, danach ist Schwarz etwas im Vorteil, Komodo -0,70, besser ist Le3
mit Ausgleich} Bxe4 19. Nd4 h5 20. g5 Nxb3 21. Nxb3 Bc2 22. Rd5 c6 23. Rd2
Bxb3? {das ist strategisch ganz schwach, erzeugt zwar einen Doppelbauern,
öffnet aber die starke A-Linie für Weiss, danach ist natürlich der Bauer A6
ganz schwach und jeglicher Vorteil von Schwarz ist dahin, Komodo 0,00,
besser ist Le4 mit ca. +0,70 für Schwarz} 24. axb3 Bxg5 25. Rd6 Bd8? {ein
völlig unerklärlicher Zug, da braucht man gar keinen Versuch zu starten,
danach steht Weiss bereits besser, Komodo -0,50, besser ist sowohl Le7, Lh6
oder Lxc1, von den in Frage kommenden Zügen praktisch der schlechteste Zug
überhaupt, in der Bewertung von Komodo zwar auch nur 0,5 Bauerneinheiten
schlechter, aber eben den einzigen Zug zu finden der Nachteil bringt ist
schon ganz schwach} 26. Rxc6 a5 27. Be3 g5? {ein ganz schlechter Zug,
danach ist Weiss bereits klar im Vorteil, Komodo -1,20, deutlich besser ist
0-0 mit ca. -0,50} 28. Rd1 g4 29. Rd5 gxh3 30. Rxb5 {klar schwächer als
Kh2, Komodo +0,60} Kd7??? {ein völlig absurder Verlustzug wo der König doch
sofort Schach bekommt und wieder retour muss, danach ist die Partie sofort
verloren, Komodo -3,00, nötig war Tg8+ und Weiss steht nur mit ca. +0,70
besser} 31. Rd6+ {na ist doch sonnenklar, überrascht ?} Ke8 {reumütig kehrt
der Monarch zurück} 32. Kh2? {ein schlechter Zug, der den Vorteil von Weiss
halbiert, Komodo +1,50, sofort gewonnen hätte Tb7} Bc7 33. Rc6 Kd7 34. Rf6
Rab8! {noch die beste Verteidigung aber auch danach steht Schwarz bereits
auf verlorenem Posten, Komodo -1,50} 35. Rxf7+? {ein schlechter Zug, der
den Grossteil des Vorteiles verspielt, Komodo +0,60, aber ich muss sagen,
sehr viele Oldies hätten wahrscheinlich diesen Zug gemacht, sieht ja auch
nicht schlecht aus ehrlich gesagt, Weiss gewinnt sofort einen Bauern und
hat 2 geschlossene Freibauern, was daran verkehrt ist sieht wohl auch nur
eine Top-Engine.} Ke6 36. Rf6+ Ke7 37. Bc5+ Kd7 38. Bb6? {leichten Vorteil
versprach noch Txb8, nach dem Textzug ist die Partie bereits Remis, Komodo
0,00} Bxb6 39. Rbxb6 Rxb6 40. Rxb6 Rf8 41. Kxh3 Rxf2 42. Kh4 Rxb2 43. Kxh5
Re2 44. Rb5 Ke6 45. Rxa5 Rxe5+ 46. Rxe5+ Kxe5 47. b4 Kd5 48. b5 Ke5?
{verspielt der Atlanta will das noch auskosten, warum nicht Kc5 LoL} 49.
Kg6 Kd5 50. b6 Kc6 51. Kf5 Kxb6 {Zu wenig Material} 1/2-1/2
[/pgn]
[pgn]

[Event "Turnier 40 / 120"]
[Site "Wien"]
[Date "2023.07.25"]
[Round "19"]
[White "Mephisto Atlanta SH 7034 - 20 MHZ"]
[Black "Mephisto Lyon 68020 - 12 MHZ"]
[Result "0-1"]
[BlackElo "2172"]
[WhiteElo "2191"]

{Analyse ------> Komodo 14.1.
} 1. e4 c6 2. d4 d5 3. exd5 cxd5 4. c4 Nf6
5. Nc3 e6 6. Nf3 Bb4 7. cxd5 Nxd5 8. Bd2 {Buchende} O-O 9. Bd3
{Buchbewertung Mephisto Atlanta: -0,3} Nc6 10. O-O Be7 {Buchende} 11. Qb1
h6 {Buchbewertung Mephisto Lyon 68020: -0,09 / lt. Komodo steht Weiss eine
Nuance besser mit ca. +0,30} 12. Rc1 Ndb4 13. Bh7+ Kh8 14. a3 f5 15. Bg6
{besser ist Lxf5 mit Ausgleich; Komodo -0,60} Nxd4 16. Nxd4 Qxd4 17. Be3
Qg4 18. Bxf5 exf5 19. axb4 Bg5 {besser ist f4 mit ca. +0,60, nach dem
Textzug ist die Stellung etwa gleich} 20. Bxg5 Qxg5 21. Nb5 f4 22. Rc5 Bf5
23. Qc1 {besser ist Dd1, Komodo -0,80} Rad8! {stark gespielt, der beste
Zug} 24. Nxa7??? {dieser Bauernraub verbietet sich, danach ist die Partie
verloren, Komodo -2,80, nötig war Sc3} Rd3? {verpasst den möglichen Gewinn,
aber fairerweise muss man sagen, die Gewinnvariante ist sehr tief versteckt
und für einen Oldie eine zu harte Nuss, so gesehen darf man hier nicht so
streng sein, auch nach dem Textzug steht Schwarz klar besser, Komodo +1,00,
allerdings ist der Vorteil mehr als halbiert, gewonnen hätte Dg6} 25. Re5
{besser ist Sb5, Komodo -1,20} Qg6 26. Qe1?? {ein absoluter Verlustzug,
danach ist die Partie sofort verloren, Komodo -4,00, nötig war Dxf4} Rfd8!
{richtig, aber den klaren Gewinn sieht Lyon 68020 noch nicht, Bewertung:
+0,24} 27. Re7??? {danach ist sofort alles aus, lediglich h3 konnte noch
etwas Widerstand leisten, Komodo -18,00, stellt ganze 14 Bauerneinheiten !!
ein} Rd2? {diese Stellung überfordert beide Geräte bei weitem, auch dieser
Zug gewinnt ganz klar, Komodo +5,00, stellt aber 13 Bauerneinheiten !! ein
und Lyon 68020 sieht natürlich immer noch keinen Gewinn, Bewertung +0,24,
Atlanta sieht die Stellung ausgeglichen 0,0, sofort gewonnen hätte Lh3} 28.
b3? {verliert forciert und übersieht bereits ein Matt in 11 lt. Komodo, nur
noch h3 konnte etwas Widerstand leisten, ist aber auch schon hoffnungslos}
Bh3! {und jetzt erkennt Lyon 68020 den klaren Gewinn, das ist stark !,
Bewertung +2,69 !!} 29. Qf1 {Mephisto Atlanta erkennt es jetzt auch:
Bewertung -3,8} f3 {Lyon 68020: +5,90 / Matt in 9} 30. Rae1 {Mephisto
Atlanta: -7,4} Re2 {Lyon 68020: +9,48 / Matt in 8} 31. R1xe2 fxe2 {Mephisto
Lyon 68020: Matt in 5} 32. Rxe2 {Mephisto Atlanta: Matt in 4 ---->
aufgegeben !} 0-1
[/pgn]
[pgn]

[Event "Turnier 40 / 120"]
[Site "Wien"]
[Date "2023.07.25"]
[Round "20"]
[White "Mephisto Lyon 68020 - 12 MHZ"]
[Black "Mephisto Atlanta SH 7034 - 20 MHZ"]
[Result "1-0"]
[BlackElo "2191"]
[WhiteElo "2172"]

{Analyse ---> Komodo 14.1.} 1. e4 c5 2. c3 e6 3. d4 d5 4. e5 {Buchende} Bd7
{Buchende} 5. Nf3 {Buchbewertung Mephisto Lyon 68020: +0,24} Qb6
{Buchbewertung Mephisto Atlanta: -0,2 / lt. Komodo steht Weiss etwas besser
mit ca. +0,50} 6. Be2 Bb5 7. Bxb5+ Qxb5 8. Na3 Qa6 9. Nc2 {besser ist dxc5,
die Stellung ist im Lot} Nd7 10. Bg5 Qb5 11. b3 Rc8 12. Bd2 Qd3 13. Ne3 Be7
14. Qb1 Qa6 15. Ng4 cxd4 16. cxd4 Nb6 {besser ist f6} 17. a4 Bd8 18. Ne3
Ne7 19. b4 Nc4 20. O-O Nxd2 21. Nxd2 Qb6 22. Nf3 O-O {deutlich vorzuziehen
ist Sc6} 23. b5 Qa5 24. Rc1 Rxc1+ 25. Qxc1 Bb6 26. Qa3 {die Stellung ist im
Lot, Komodo 0,00} Ng6 27. Rc1 Nf4 28. Kf1 Re8 29. Qb3 Rb8 30. Qc2 a6 31.
Rb1 Ng6 32. bxa6 bxa6 33. Kg1 h6 34. Qc6 Nf4 35. Kf1 Nd3?? {völlig
unverständlich, was will der Springer dort mitten im feindlichen Lager ?
Ein Verlustzug, danach ist die Partie bereits verloren, Komodo -1,80, nötig
war Sg6 und Weiss steht nur minimal besser} 36. Qc2? {Lyon 68020 kann aber
kein Kapital draus schlagen, der Textzug ist ganz schlecht und verspielt
ganze 2 Bauerneinheiten !!, danach steht sogar Schwarz schon etwas besser
mit ca. +0,40, die richtige Idee wäre g3 ! gewesen, um dem schwarzen
Springer die Rückkehr nach f4 zu versperren, danach wäre Weiss klar auf
Gewinn gestanden} Nb4 37. Qc3 Bd8 38. Ra1 Be7 39. Kg1 Bf8 40. h3 Be7 41.
Nc2 {besser ist g3, Komodo -0,80} Qd8 42. Nxb4 Rxb4 43. Qc6 Rb6 44. Qc2 Qe8
{nicht ideal, danach ist die Stellung im Lot, allerdings die richtige
Fortsetzung Tb4 wäre eine Stellungswiederholung und somit 0,0 aus der Sicht
Atlanta, die Fehlerkorrektur lt. Komodo ist also unspielbar} 45. Qc7 Bd8
46. Qc2 {besser ist Dc8, Komodo -0,60} Rb4 {nicht ideal, die Stellung ist
wieder im Lot, besser ist Tc4} 47. Qc8 a5 48. Ra2? {ein schwacher Zug,
danach steht Schwarz besser, Komodo -1,20, Ausgleich hätte Tc1 gebracht}
Rc4 49. Qb8 f6? {ein schlechter Zug, der den gesamten Vorteil wieder
abgibt, nötig war Df8, Komodo 0,00} 50. Ra1 Kf8 51. Qd6+ Kf7 52. Rb1 Be7??
{ein ganz schlechter Zug, danach steht Weiss bereits klar besser, Komodo
-1,40, nötig war Lc7 mit Ausgleich} 53. Rb7! {alternativlos} Rxa4??? {ein
absoluter Verlustzug, danach ist sofort alles aus, Komodo -5,00, nötig war
f5 mit ca. -1,50, hier gewinnt sofort die Fortsetzung exf6, dann egal ob
Kxf6 oder gxf6 folgt Df4 und Schwarz kann die Segel streichen} 54. Ra7???
{aber der absolute Verlustzug gilt eben nur für Komodo und nicht für Lyon
68020, der mit diesem Zug einen Grossteil des Vorteiles verspielt, danach
ist Weiss nur noch mit ca. +1,00 im Vorteil} Ra1+? {Atlanta sieht die
drohende Gefahr nicht und verpasst das nötige f5, danach ist die Stellung
wieder klar verloren, Komodo -1,60} 55. Kh2 Ra2??? {verliert forciert, nur
noch f5 konnte Widerstand leisten, Komodo -4,00} 56. Ne1?? {Lyon 68020
findet nicht die richtige Fortsetzung, sofort gewonnen hätte wieder exf6,
aber auch nach dem Textzug steht Weiss noch besser mit ca. +1,00 (verspielt
allerdings 3/4 des Vorteiles)} Rd2 57. exf6! {endlich wird der richtige Zug
gemacht, aber in dieser Phase bleibt es noch ein Kampf, Komodo +1,20, das
ist noch nicht erledigt für Lyon 68020} gxf6 58. Qf4? {verschenkt den
gesamten restlichen Vorteil, danach ist die Partie bereits Remis, hier kann
Schwarz mit Txf2 ausgleichen, Komodo 0,00} Re2??? {ein absoluter
Verlustzug, verpasst die Remischance mittels Txf2, Komodo -4,00} 59. Nf3
Qh8?? {verliert forciert, Komodo -9,00, deutlich mehr Widerstand leistet
noch Df8 mit ca. -4,00 ist aber natürlich auch schon hoffnungslos} 60.
Ne5+?? {völlig falsch, gewinnt natürlich auch noch klar, stellt aber ca. 5
Bauerneinheiten !! ein; Komodo +4,50, sofort gewonnen hätte Sh4} Rxe5 61.
dxe5 Qg7 62. Rxa5? {ein schlechter Zug, der den Gewinn deutlich erschwert
und den Vorteil fast halbiert, Komodo +2,50 (gut aber hier will ich nicht
zu streng sein, aus Sicht eines Oldies nicht unverständlich den Bauern
einfach zu nehmen, Weiss hat ja immer noch die Qualität, sollte auch noch
leicht reichen), weit stärker war aber h4} Qg5 63. Qxg5 fxg5?? {ganz
schlecht, deutlich mehr Widerstand leistet hxg6, Komodo -5,00} 64. Ra7 Ke8
65. Kg3 d4 66. Kf3 {deutlich schneller gewinnt Txe7, das kann man aber von
einem Oldie nicht verlangen, dennoch hier führen einfach alle Wege nach
Rom, Userentscheid: 1-0} 1-0
[/pgn]
[pgn]

[Event "Turnier 40 / 120"]
[Site "Wien"]
[Date "2023.07.26"]
[Round "21"]
[White "Mephisto Atlanta SH 7034 - 20 MHZ"]
[Black "Mephisto Lyon 68020 - 12 MHZ"]
[Result "1-0"]
[BlackElo "2172"]
[WhiteElo "2191"]

{Analyse ----> Komodo 14.1.} 1. c4 e5 2. Nc3 Nf6 3. Nf3 Nc6 4. d4 exd4 5.
Nxd4 Bb4 6. Bg5 Qe7 {Buchende} 7. e3 O-O {Buchbewertung Mepisto Lyon 68020:
+0,24} 8. Be2 {Buchende} Qe5 9. Bf4 {Buchbewertung Mephisto Atlanta: -0,1 /
lt. Komodo ist die Stellung etwa gleich} Qa5? {ein schwacher Zug, danach
steht Weiss besser, Komodo -0,80, besser ist Lxc3 mit Ausgleich} 10. O-O?
{so aber nicht, danach ist die Stellung wieder im Lot, deutlich besser ist
Sb5} Bxc3 11. Nb3 Qf5 12. bxc3 d6 13. Bd3 Qd7 14. Bg5 Ng4 15. Bc2 f6 {nicht
optimal, danach steht Weiss besser, Komodo -0,80, besser ist De6} 16. Bf4
Nge5 17. c5 d5 18. e4 dxe4 19. Bxe4 Qe7? {deutlich vorzuziehen ist Df7,
Komodo -1,20} 20. Re1 Qf7 {auch nicht optimal, besser ist g5, Komodo -1,60}
21. Nd4 Rd8 22. Qb1 {obwohl kein schlechter Zug, aber doch etwas
unnatürlich, besser ist Dc2, Komodo +1,30} h6? {ein schlechter Zug, danach
ist Schwarz schon klar auf der Verliererstrasse, Komodo -2,00, deutlich
besser ist Sxd4} 23. Nxc6 Nxc6? {Lyon 68020 hat völlig den Überblick
verloren, verschlimmert die Lage weiter, weit besser ist noch bxc6, Komodo
-2,70} 24. Bg6 Qc4 25. Bxc7 Rf8 26. Qb3 Qxb3 27. axb3 Bd7 28. b4 Rfc8 29.
Bf4 a6 30. h3 a5? {eine weitere Ungenauigkeit, besser ist Td8, Komodo
-3,30} 31. Rad1 Be8 32. Bf5 Rd8? {wieder ungenau, besser ist noch axb4,
Komodo -4,00} 33. Rxd8 Rxd8 34. Bc7 Ra8 35. b5 Ne5 36. c6 Nxc6 37. bxc6
Bxc6 38. Re7 a4 39. Be6+ Kh7 40. Ba2 Re8 41. Rxe8 Bxe8 42. Bd6 Bc6 43. Be6
Kg6 44. Kh2 Kg5 45. f4+ Kg6 46. f5+ Kh7 47. Bf7! {damit ist auch der
schwarze König auf ewig vom Spiel ausgeschlossen, hier erspare ich Lyon
68020 die unvermeidliche Hinrichtung} 1-0
[/pgn]
[pgn]

[Event "Turnier 40 / 120"]
[Site "Wien"]
[Date "2023.07.26"]
[Round "22"]
[White "Mephisto Lyon 68020 - 12 MHZ"]
[Black "Mephisto Atlanta SH 7034 - 20 MHZ"]
[Result "1-0"]
[BlackElo "2191"]
[WhiteElo "2172"]

{Analyse ----> Komodo 14.1.} 1. Nf3 d5 2. g3 c5 3. Bg2 Nc6 {Buchende} 4.
O-O Nf6 5. d4 e6 {Buchzug / Buchende} 6. e3 {Buchende} Bd6 {Buchbewertung
Mephisto Atlanta: -0,2} 7. c4 {Buchbewertung Mephisto Lyon 68020: +0,09 /
lt. Komodo ist die Stellung etwa gleich} dxc4 8. dxc5 Bxc5 9. Qxd8+ Nxd8
10. Ne5 Bd7 11. Nd2 Bc6 12. Nxc6 Nxc6 13. Nxc4 Rc8 14. b3 Ke7 15. Bb2 b5
16. Nd2 Rhd8 17. Ne4 Nxe4 18. Bxe4 g6 19. Rfd1 Nb4 20. a3 Nd5 21. Bxd5 exd5
22. Rac1 Bb6? {ein schlechter Zug, danach verliert Schwarz unnötig einen
Bauern, Atlanta verwirft im letzten Moment den richtigen Zug Ke6 !, danach
wäre die Stellung im Lot gewesen, wegen einer Bewertungsdifferenz von -0,1
(er bewertet Ke6 mit -1,1, Lb6 mit -1,0 sieht also den Bauernverlust), auch
der von Lyon 68020 vorgeschlagene Zug a5 wäre noch besser gewesen, Komodo
-0,80} 23. Rxc8 Rxc8 24. Rxd5 Rc2 25. Bd4 {nicht optimal, besser ist Lg7,
nach dem Textzug ist Weiss nur noch knapp im Vorteil mit ca. +0,50} Bxd4
26. exd4 a6 27. a4 b4 28. Ra5 Rb2 29. Rxa6 Rxb3 30. Rb6 Rb2 31. Kg2 h6 32.
a5 Ra2 33. a6 b3 34. Rxb3 Rxa6 35. Kf3 Ke6 36. Ke3 Ra1 37. f4 {kleinen
Vorteil versprach noch h4, nach dem Textzug ist die Partie bereits Remis,
aber auch nach h4 ist es kaum zu gewinnen, bei richtiger Verteidigung
sollte Schwarz das Remis halten können, aber bei unseren Oldies weiss man
das natürlich jetzt noch nicht} Kd5 38. Rb5+ Kc6 39. Rc5+ Kd6 40. f5 Re1+
41. Kd3 Rd1+ 42. Ke4 Re1+ 43. Kf3 Rf1+ 44. Ke2 Rh1! {richtig, Lyon 68020
wollte hier seinen Gegner mit dem Zugvorschlag Txf5 ?? auf das Glatteis
führen, danach wäre die Partie sofort verloren gewesen mit -10,00 lt.
Komodo} 45. h4 Rg1 46. fxg6 fxg6 47. Kf3 Rf1+ 48. Ke3 Re1+ 49. Kf2 Ra1 50.
h5 Ra2+ 51. Kf3 Ra3+ 52. Kg2 Ra2+ 53. Kh3 g5?? {ein Verlustzug, Atlanta hat
lange Zeit alles richtig verteidigt, darum ist das jetzt echt schade, am
Ende macht er hier doch noch den spielentscheidenden Fehler, nach dem
Textzug ist die Partie sofort verloren, Komodo -2,30, Remis hätte hingegen
gxh5 gesichert. (Lyon 68020 hätte den gleichen Fehler gemacht, davon kann
sich aber Atlanta auch nichts kaufen)} 54. Rb5 Kc7?? {nochmals ganz
schlecht, danach ist alles vorbei, deutlich mehr Widerstand leistet noch
Ta6 mit ca. -3,00 / Komodo -6,00 !!} 55. Rf5 Ra6 56. Rf7+ Kd8 57. Kg4 Rd6
58. Kf5 Rxd4 59. Rf6 Rd3 60. Kg4 Rd4+ 61. Kh3 Ke8 62. Rxh6 {Rest geschenkt}
1-0
[/pgn]
[pgn]